விஞ்ஞானம், தரம் - 07 : பாகம் I,II /

Saved in:
Bibliographic Details
Main Author: தி.கோகுலன்
Format: Book
Language:English
Tamil
Published: கொமும்பு : ராஜபார்வை வெளியீடு; 2021.
Edition:2th.
Subjects:
Tags: Add Tag
No Tags, Be the first to tag this record!

MARC

LEADER 00000nam a22000007a 4500
005 20260411125250.0
008 260411b |||||||| |||| 00| 0 eng d
020 |a 9789557980331 
041 |a tam 
082 |a 500  |b கோகுல 
100 |a தி.கோகுலன்  |9 117287 
245 |a விஞ்ஞானம், தரம் - 07 :  |b பாகம் I,II / 
250 |a 2th. 
260 |a கொமும்பு :  |b ராஜபார்வை வெளியீடு;  |c 2021. 
300 |a vi + 170 பக்.  |c 19.8 Cm. 
650 |a  Natural sciences and mathematics  |9 117288 
942 |c BK 
999 |c 71314  |d 71314